000
00270nam a22001097a 4500
082
_a
001
100
_a
Choudhary,Pawan
_9
82371
245
_a
MPPSC Prashnlok Complation of 4000+ Question
260
_a
Indore
_b
Shivam Education
_c
2024
650
_a
GK
942
_c
C. BOOKS
999
_c
66850
_d
66850